Normal view MARC view

Entry Personal Name

Number of records used in: 2

001 - CONTROL NUMBER

  • control field: 59744

003 - CONTROL NUMBER IDENTIFIER

  • control field: dpl

005 - DATE AND TIME OF LATEST TRANSACTION

  • control field: 20231211152242.0

008 - FIXED-LENGTH DATA ELEMENTS

  • fixed length control field: 231211|| aca||aabn | a|a d

040 ## - CATALOGING SOURCE

  • Original cataloging agency: dpl
  • Transcribing agency: dpl

100 ## - HEADING--PERSONAL NAME

  • Personal name: Satpathy, Haripada

670 ## - SOURCE DATA FOUND

  • Source citation: Work cat.: (dpl)199596: Cultural Heritage of Orisaa:, 2007

© Delhi Public Library
Hit Counter
free hit counter